| 000 | 01214cam a2200301 i 4500 | ||
|---|---|---|---|
| 003 | EG-ScBUE | ||
| 005 | 20231120101545.0 | ||
| 008 | 090820s2003 ua f b 000 0 ara d | ||
| 017 | _a2003 / 13267 | ||
| 020 | _a9770186570 | ||
| 040 |
_aEG-ScBUE _bara _erda _cEG-ScBUE _dEG-ScBUE |
||
| 043 | _an-us--- | ||
| 082 | 0 | 4 |
_a917.304 _222 _bإ ب ر |
| 100 | 1 |
_917066 _aإبراهيم، وفاء، _eمؤلف. |
|
| 245 | 1 | 0 |
_aمائة وثمانون يوما في بلاد اليانكي / _cد. وفاء إبراهيم، أستاذ علم الجمال، كلية البنات، جامعة عين شمس. |
| 264 | 1 |
_aالقاهرة : _bالهيئة المصرية العامة للكتاب، _c2003. |
|
| 300 |
_a323 صفحة ؛ _c24 سم. |
||
| 336 |
_2rdacontent _aنص _btxt |
||
| 337 |
_aبدون وسيط _2rdamedia _bn |
||
| 338 |
_aمجلد _bnc _2rdacarrier |
||
| 490 | 0 |
_aمكتبة الأسرة. _aالأعمال الخاصة |
|
| 504 | _aيشتمل على إرجاعات ببليوجرافية. | ||
| 590 | _amustafa galal. | ||
| 651 | 7 |
_aالولايات المتحدة الامريكية _xوصف ورحلات. _2BUEsh |
|
| 653 |
_bARALIT _cAugust2015 |
||
| 655 | _vReading book | ||
| 942 |
_2ddc _cBB |
||
| 999 |
_c12670 _d12670 |
||